| 000 | 00687nam a22001817a 4500 | ||
|---|---|---|---|
| 999 |
_c14985 _d14985 |
||
| 003 | OSt | ||
| 082 | _2631.56 ASW/DE | ||
| 088 | _aP 214 | ||
| 100 |
_aASWATHI K.B _aINDULEKSHMI _93831 |
||
| 245 | _aDevelopment and performance evaluation of plantain peeler cum slicer | ||
| 260 |
_aTavanur 2010 _bDepartment of Post-Harvest Technology and Agricultural Processing |
||
| 300 | _a50 | ||
| 500 | _aDevelopment and performance evaluation of plantain peeler cum slicer | ||
| 520 | _aDevelopment and performance evaluation of plantain peeler cum slicer | ||
| 700 |
_aEr. Rajesh G.K (Guide) _93483 |
||
| 856 | _uhttps://drive.google.com/open?id=1WAHey6sSCTyd5GLc7NUrzKPyYmixCzya | ||
| 942 | _cPR | ||